Mapas geológicos: explicación e interpretación

Gespeichert in:
Bibliographische Detailangaben
1. Verfasser: Martínez-Álvarez, José Antonio, geólogo (autor)
Format: Buch
Sprache:Spanisch
Veröffentlicht: Madrid Paraninfo 1979
Schlagworte:
Tags: Tag hinzufügen
Keine Tags, Fügen Sie den ersten Tag hinzu!

MARC

LEADER 00000nam a2200000 a 4500
001 UCU4733
003 CL-VaPUC
008 960524e19790000SP |||||||||||||||||spa|d
082 0 4 |a 912.014  |b MAR  |2 21 
100 |a Martínez-Álvarez, José Antonio,  |c geólogo  |e autor  |9 466175 
245 1 0 |a Mapas geológicos: explicación e interpretación 
300 |a 245 p 
942 |c BK 
945 |d 19960524 00:00:00  |a paguirre 
260 |a Madrid  |b Paraninfo  |c 1979 
650 7 |a MAPAS GEOLOGICOS  |2 CL-VaPUC  |9 362393 
650 0 |a Mapas  |9 260844 
650 7 |a EXPLORACION GEOLOGICA  |2 CL-VaPUC  |9 362394 
650 0 |a Geología   |9 260984 
583 |a last modification  |c 19960524 00:00:00  |k Rodrigo Vera 
999 |c 248312  |d 248310 
952 |0 0  |1 0  |4 0  |6 912_014000000000000_MAR_1979  |7 0  |8 A  |9 264855  |a BIBING  |b BIBING  |d 2019-11-19  |i 1662589  |o 912.014 MAR 1979  |p 1662589  |r 2025-01-20  |w 2019-11-19  |y BK  |k GEO